Score 0/20 Timer 04:00
0 Plays Today
Book Title (S)teel or (K)ing % Correct
Passion's Promise???
70.3%
Coming Out???
68.7%
Second Chance ???
68%
The Green Mile???
66.9%
Misery???
66.6%
Special Delivery???
65.6%
Message from Nam???
65.1%
The Stand???
64.6%
Rogue???
63.2%
Accident???
63.2%
Book Title (S)teel or (K)ing % Correct
A Perfect Stranger???
63.2%
Hotel Vendome???
63%
Doctor Sleep???
62.3%
The Dark Half???
59.3%
The House???
58.7%
Dolores Claiborne???
57.2%
Finders Keepers???
54.3%
Mr. Mercedes???
51%
Lisey's Story???
46.9%
Joyland ???
44.6%

You're not logged in!

Compare scores with friends on all Sporcle quizzes.
OR
Log In

Sporcle TV

Today on Sporcle TV


Watch our educational content, quiz creation guides, and fun videos on Sporcle TV.

Show Comments

Extras

Top Quizzes Today


Score Distribution

Paid Content

Your Account Isn't Verified!

In order to create a playlist on Sporcle, you need to verify the email address you used during registration. Go to your Sporcle Settings to finish the process.

Report this User

Report this user for behavior that violates our Community Guidelines.

Details: